KOHA-Header-6

C++ How To Program (Record no. 239)

000 -LEADER
fixed length control field 00304nam a2200121Ia 4500
008 - FIXED-LENGTH DATA ELEMENTS--GENERAL INFORMATION
fixed length control field 190722s9999 xx 000 0 und d
020 ## - INTERNATIONAL STANDARD BOOK NUMBER
International Standard Book Number 978-93-325-5959-2
100 ## - MAIN ENTRY--PERSONAL NAME
Personal name Deitel, Deitel
245 #0 - TITLE STATEMENT
Title C++ How To Program
260 ## - PUBLICATION, DISTRIBUTION, ETC. (IMPRINT)
Place of publication, distribution, etc India
Name of publisher, distributor, etc Pearson (Indian Ed.) Pvt. Ltd.
Date of publication, distribution, etc 2016
300 ## - PHYSICAL DESCRIPTION
Extent 1062
942 ## - ADDED ENTRY ELEMENTS (KOHA)
Koha item type Books
Holdings
Withdrawn status Lost status Damaged status Not for loan Collection code Permanent Location Current Location Shelving location Date acquired Total Checkouts Total Renewals Full call number Barcode Date last seen Date checked out Price effective from Koha item type
        Computer Languages MAJU MAJU Shelf No.A33 2019-07-22 11 12 5.133 6865 2023-11-29 2023-11-17 2019-07-22 Computer Languages

Powered by Koha